| 000 | 00711nam a22002297a 4500 | ||
|---|---|---|---|
| 003 | OSt | ||
| 005 | 20260113053611.0 | ||
| 008 | 260113b |||||||| |||| 00| 0 eng d | ||
| 020 | _a0471197149 | ||
| 040 |
_aDWC-Main lib _cOC |
||
| 082 | _aCirc. 658.3 T655 1997 | ||
| 100 | _aUlrich, Dave | ||
| 245 |
_a Tomorrow's HR management : _b48 thought leaders call for change/ _cDave Ulrich |
||
| 260 |
_aNew York : _bJohn Wiley & Sons, Inc., _cc1997. |
||
| 300 |
_axii, 387 pages : _billustrations ; _c 24cm. |
||
| 504 | _aIncludes index. | ||
| 650 | _a1. Human capital. | ||
| 650 | _a2. Personnel management. | ||
| 700 | _aMichael R. Losey | ||
| 700 | _aGerry Lake | ||
| 942 |
_2ddc _cBK-CIRC _kCirc. _n0 |
||
| 999 |
_c7324 _d7324 |
||